00678cam a22002174a 45000010005000000030009000050050017000140080041000310200015000720400023000870820021001101000024001312450091001552500012002462600049002583000049003075000020003566500024003766500038004007000022004381923BD-DhUAP20201223101934.0201222s1987 nyuab b 001 0 eng  a0255037175 aDLCcDLCdBD-DhUAP00a658.4012 THO2231 aThompson, Arthur A.10aStrategic management :bconcepts and cases /cArthur A. Thompson and A. J. Strickland. a4th ed. aPlano, Texas :bBusiness publiction,cc1987. axviii, 1054 pages :billustrations ;c25 cm. aIncludes index. 0aStrategic planning. 0aStrategic planningxCase studies.1 aStrickland, A. J.